[Event "FRA-ch Veterans"]
[Site "Belfort"]
[Date "2010.??.??"]
[Round "1"]
[White "Fallet, Didier"]
[Black "Bernieri, Francois"]
[Result "1-0"]
[WhiteElo "2000"]
[BlackElo "1746"]
[PlyCount "69"]
[EventDate "2010.08.10"]
[EventType "swiss"]
[EventRounds "11"]
[EventCountry "FRA"]
[SourceTitle "CBM 138 Extra"]
[Source "ChessBase"]
[SourceDate "2010.10.29"]
[SourceVersion "1"]
[SourceVersionDate "2010.10.29"]
[SourceQuality "1"]

1. c4 Nf6 2. Nc3 g6 3. g3 c6 4. Bg2 Bg7 5. d4 d5 6. Nf3 0-0 7. 0-0 Re8 8. Ne5 Ng4 9. Nxg4 Bxg4 10. h3 Be6 11. cxd5 Bxd5 12. Nxd5 cxd5 13. e3 e6 14. Bd2 Nc6 15. Rc1 Rc8 16. Qa4 Qb6 17. Rc2 Re7 18. Rfc1 Rec7 19. Bf1 a6 20. b4 Na7 21. Rxc7 Rxc7 22. Qe8+ Bf8 23. b5 Rxc1 24. Bxc1 Nxb5 25. e4 Qc6 26. Qxc6 bxc6 27. a4 Nc7 28. Bf4 Na8 29. Bxa6 c5 30. Bb7 Nb6 31. a5 Nd7 32. a6 Nb6 33. Bc7 cxd4 34. Bxb6 d3 35. Kf1 1-0